| 000 | 00408pab a2200169 454500 | ||
|---|---|---|---|
| 008 | 180718b2009 xxu||||| |||| 00| 0 eng d | ||
| 100 | _aSinha, Archana | ||
| 245 | _aAgriculture and food security: crises and challenges today | ||
| 260 | _c2009 | ||
| 300 | _ap.1-16. | ||
| 362 | _aJan-Mar | ||
| 650 | _aFood supply | ||
| 650 | _aAgriculture | ||
| 773 | _aSocial Action | ||
| 908 | _aN | ||
| 909 | _a81094 | ||
| 999 |
_c81094 _d81094 |
||